| 000 | 00510nam a2200193Ia 4500 | ||
|---|---|---|---|
| 005 | 20250326143837.0 | ||
| 008 | 250326s9999 xx 000 0 und d | ||
| 020 | _a0-19-568968-2 | ||
| 037 | _aTextbook | ||
| 040 |
_aFMSL _beng _cFMSL |
||
| 041 |
_aeng _2eng |
||
| 084 |
_aX:5.1 P7 _qFMSL |
||
| 100 | _aRIS | ||
| 245 | 0 |
_aWorld trade and development report 2007 _cRIS |
|
| 260 |
_aNew Delhi _bNew Delhi, Oxford _c2007 |
||
| 300 | _a132p | ||
| 942 |
_cTB _hX:5.1 P7 |
||
| 999 |
_c1301292 _d1301292 |
||